| 000 | 00565nam a22001937a 4500 | ||
|---|---|---|---|
| 003 | OSt | ||
| 005 | 20160513182156.0 | ||
| 008 | 160513b xxu||||| |||| 00| 0 eng d | ||
| 020 | _a1560986832 | ||
| 040 | _cDDC. | ||
| 082 | _a574.5NAT 1997. | ||
| 100 |
_aEdited by Goodman,M.Steven;Patterson,D.Bruce. _98795 |
||
| 245 | _aNatural change and Human Impact in Madagascar. | ||
| 260 |
_aWahington& London. _bSmithsonian Institution Press. _c1997. |
||
| 300 |
_axiii,432p; _bill; _c27cm. |
||
| 504 | _aincludes index. | ||
| 650 |
_aBiology. _95602 |
||
| 942 |
_2ddc _cSLOAN |
||
| 999 |
_c4034 _d4034 |
||